00449nam a2200181 a 4500001001300000003000900013005001700022008004100039020001000080082001600090100002200106245002000128260003300148300000900181500003500190650002000225700002200245nice12345678IN_TiNIC20260116011530.0070713s1958 rama grp 000 0 urd  ac1.500a297.2bISL3 aIslahi, Sadruddin aHaqiqat-E-nifaq aRampur bNo Publisher c1958 a135p aincludes index and biblioraphy aIslam-Doctrines1 aIslahi, Sadruddin